000 00752nam a22002057a 4500
003 OSt
005 20250918034502.0
008 250918b |||||||| |||| 00| 0 eng d
020 _a13: 978-0-7817-7816-9.
040 _aDWC-Main Lib.
_cOC
100 _aMIKROGIANAKIS, ANGELO.
245 _aThe hospital for sick children manual of pediatric trauma/
_cMIKROGIANAKIS, ANGELO.
260 _aPhiladelphia :
_bWolters Kluwer Health/Lippincott Williams & Wilkins,
_cc2008.
300 _axvi, 292 p. :
_bill. ;
_c25 cm.
504 _aIncludes bibliographical references and index.
650 _aChildren-Wounds and injuries-Treatment-Handbooks, manuals, etc.
700 _aVALANI, RAHIM
700 _aCHENG, ADAM
942 _2ddc
_cBK-CIRC
_hCirc.
_n0
999 _c4476
_d4476